000 01057nam a22002415i 4500
001 160962
003 ES-MaACL
005 20250807210535.0
008 041006s1892 sp |||| | spa d
040 _aCAM
_bspa
_cCAM
100 1 _aOliver, Juan A.
_986818
245 1 0 _aMemoria del curso de 1891 á 1892 /
_cpor Juan A. Oliver.
260 _aValencia :
_bInstitución para la enseñanza de la mujer,
_c1892 (
_fImprenta de Francisco Vives Mora)
300 _a31, 15 p. ;
_c27 cm.
505 8 _aContiene: Discurso inaugural del año académico de 1892-1893 por María Sampil de Sela
594 _aTitulo de la cub.: Apertura del curso de 1892 á 1893.
594 _aPrecede al tít.: Institución para la Enseñanza de la Mujer.
650 4 _aMujeres-
_xEducación
_912094
700 1 _aSampil de Sela, María.
_9132364
710 2 _aInstitución para la Enseñanza de la Mujer (
_cValencia)
_9134511
852 _aES-MaACL
_jT-664-F-1
_z-- Enc. hol. conservando la cub. original
_z-- Enc. en un vol. facticio
999 _c160962
_d160962